Normal view
MARC view
Entry Personal Name
001 - CONTROL NUMBER
- control field: 27769
003 - CONTROL NUMBER IDENTIFIER
- control field: ENAL
005 - DATE AND TIME OF LATEST TRANSACTION
- control field: 20191009125842.0
008 - FIXED-LENGTH DATA ELEMENTS
- fixed length control field: 191009|| aca||aabn | a|a d
040 ## - CATALOGING SOURCE
- Original cataloging agency: ENAL
- Transcribing agency: ENAL
100 ## - HEADING--PERSONAL NAME
- Personal name: Mohammed, Zeinab Saad Abd El Razek
670 ## - SOURCE DATA FOUND
- Source citation: Work cat.: (ENAL)64270: Mohammed, Zeinab Saad Abd El Razek, Bacteriological studies on some bacteria causing omphalitis in baby chicks, 2018.